Central Library OPAC University of Rajshahi

The beginner's guide to small business computers : (Record no. 61529)

MARC details
000 -LEADER
fixed length control field 00799nam a2200217 a 4500
001 - CONTROL NUMBER
control field 61529
003 - CONTROL NUMBER IDENTIFIER
rucl marc code BD-RjUL
005 - DATE AND TIME OF LATEST TRANSACTION
control field 20211209080956.0
008 - FIXED-LENGTH DATA ELEMENTS--GENERAL INFORMATION
fixed length control field 170118b1985 nyu||||| |||| 001 0 eng d
035 ## - SYSTEM CONTROL NUMBER
System control number (BD-RjUL)61653
040 ## - CATALOGING SOURCE
Original cataloging agency BD-RjUL
Language of cataloging eng
Transcribing agency BD-RjUL
041 ## - LANGUAGE CODE
Language code of text/sound track or separate title eng
082 ## - DEWEY DECIMAL CLASSIFICATION NUMBER
Edition number 23
Classification number 650.0285
Author mark and year SAB 1985
100 1# - MAIN ENTRY--PERSONAL NAME
Personal name Salm, Walter
9 (RLIN) 183348
245 10 - TITLE STATEMENT
Title The beginner's guide to small business computers :
Remainder of title how to get your business-type personal computer with WordStar up and running in 10 minutes without an engineering degree or night-school classes in computers /
Statement of responsibility, etc. Walter Salm.
260 ## - PUBLICATION, DISTRIBUTION, ETC. (IMPRINT)
Place of publication, distribution, etc. New York :
Name of publisher, distributor, etc. Van Nostrand Reinhold,
Date of publication, distribution, etc. ©1985.
300 ## - PHYSICAL DESCRIPTION
Pagination xii, 223 p. :
Illustrations ill. ;
Size 23 cm.
500 ## - GENERAL NOTE
General note Includes index
650 ## - SUBJECT ADDED ENTRY--TOPICAL TERM
Topical term or geographic name as entry element Business
Form subdivision Computer programs.
9 (RLIN) 183349
942 ## - ADDED ENTRY ELEMENTS (KOHA)
Source of classification or shelving scheme Dewey Decimal Classification
Koha item type Books
Holdings
Lost status Source of classification or shelving scheme Damaged status Not for loan Collection code Permanent Location Current Location Shelving location Date acquired Source of acquisition Total Checkouts Full call number Date last seen Copy number Koha item type
  Dewey Decimal Classification   Not For Loan Non-fiction Central Library, University of Rajshahi Central Library, University of Rajshahi Reading Room 26/12/1988 Asia foundation   650.0285 SAB 1985 18/01/2017 C-1 Books